Public International Law. (Record no. 345288)

000 -LEADER
fixed length control field 00394 a2200157 4500
003 - CONTROL NUMBER IDENTIFIER
control field OSt
005 - DATE AND TIME OF LATEST TRANSACTION
control field 20180116182740.0
008 - FIXED-LENGTH DATA ELEMENTS--GENERAL INFORMATION
fixed length control field 160817b xxu||||| |||| 00| 0 eng d
040 ## - CATALOGING SOURCE
Transcribing agency 0
082 ## - DEWEY DECIMAL CLASSIFICATION NUMBER
Classification number 342
100 ## - MAIN ENTRY--PERSONAL NAME
Personal name J. G. Starke
245 ## - TITLE STATEMENT
Title Public International Law.
Statement of responsibility, etc. J. G. Starke
260 ## - PUBLICATION, DISTRIBUTION, ETC.
Place of publication, distribution, etc. Lahore, Pakisan
Name of publisher, distributor, etc. Mansoor Book House
Date of publication, distribution, etc. 1996
300 ## - PHYSICAL DESCRIPTION
Extent 296
942 ## - ADDED ENTRY ELEMENTS (KOHA)
Institution code [OBSOLETE] NBS
Koha item type Book
Call number prefix 342 STA
Source of classification or shelving scheme
Holdings
Withdrawn status Lost status Damaged status Not for loan Permanent Location Current Location Date acquired Total Checkouts Total Renewals Full call number Barcode Date last seen Date last checked out Price effective from Koha item type
        NUST Law School (NLS) NUST Law School (NLS) 08/28/2013 3 1 342 STA NBS2588 03/16/2026 01/27/2026 08/28/2013 Book
© 2023 Central Library, National University of Sciences and Technology. All Rights Reserved.